Vzdelávanie za bránami detstva

Bibliographic Details
Main Author: Repková, Kvetoslava, 1959- (Author)
Format: Article
Language:Slovak
PhysicalDescription:Sch.
Subjects:

MARC

LEADER 00000nab a2200000 a 4500
001 vtls000673559
003 SK-MaSNL
005 20260426080936.0
008 250425c1998 xo 0 slo
015 |a SNBRB1998/11-24004 
035 |a CLN000025735 
035 |a urn:nbn:sk:snk-ab762l 
035 |a (uuid)b8963f92-1fca-47a6-b8c8-9fdd3b1c1920 
035 |a (urnnbn)urn:nbn:sk:snk:ar-a0718y 
035 |a (sysno)vtls000673559 
040 |a SNKBUCL  |b slo  |c SNKBUCL  |e AACR2 
041 0 |a slo 
044 |a xo  |c SK 
080 |a 331.86  |2 1997 
080 |a 377.4  |2 1997 
100 1 |a Repková, Kvetoslava,  |d 1959-  |4 aut  |9 209625 
245 1 0 |a Vzdelávanie za bránami detstva  |c Kvetoslava Repková 
300 |b Sch. 
504 |a Bibliogr. odkazy 
650 0 7 |a zamestnanci  |x vzdelávanie  |2 snkbucl  |9 865515 
650 0 7 |a vzdelávanie  |2 snkbucl  |9 4033 
655 7 |a články z novín a časopisov  |2 snkbucl  |9 267496 
773 0 |t Mzdy a financie  |g Roč. 5, č. 21 (1998), s. 83-92 
850 |a Slovenská národná knižnica 
852 |a Slovenská národná knižnica 
954 |a odborná, vedecká literatúra pôvodná (slovenská)  |2 lita 
958 |a article27 
958 |a SK 
958 |a OND 
958 |a EUIPO 
999 |c 2825849  |d 2827779